<?xml version="1.0" encoding="UTF-8"?>
<record
    xmlns:xsi="http://www.w3.org/2001/XMLSchema-instance"
    xsi:schemaLocation="http://www.loc.gov/MARC21/slim http://www.loc.gov/standards/marcxml/schema/MARC21slim.xsd"
    xmlns="http://www.loc.gov/MARC21/slim">

  <leader>00584nam a22001337a 4500</leader>
  <datafield tag="040" ind1=" " ind2=" ">
    <subfield code="c">RUA</subfield>
  </datafield>
  <datafield tag="082" ind1=" " ind2=" ">
    <subfield code="a">VTF SEA 2009 B113 Or.1</subfield>
  </datafield>
  <datafield tag="100" ind1=" " ind2=" ">
    <subfield code="a">SEAR, BORIN.</subfield>
  </datafield>
  <datafield tag="245" ind1=" " ind2=" ">
    <subfield code="a">La modernisation de l'elevage dans la periepherie de phnom penh, &#x1791;&#x17C6;&#x1793;&#x17BE;&#x1794;&#x1780;&#x1798;&#x17D2;&#x1798;&#x1793;&#x17C3;&#x1780;&#x17B6;&#x179A;&#x1785;&#x17B7;&#x1789;&#x17D2;&#x1785;&#x17B9;&#x1798;&#x179F;&#x178F;&#x17D2;&#x179C;&#x1780;&#x17D2;&#x1793;&#x17BB;&#x1784;&#x178F;&#x17C6;&#x1794;&#x1793;&#x17CB;&#x1787;&#x17BB;&#x17C6;&#x179C;&#x17B7;&#x1789;&#x1791;&#x17B8;&#x1780;&#x17D2;&#x179A;&#x17BB;&#x1784;&#x1797;&#x17D2;&#x1793;&#x17C6;&#x1796;&#x17C1;&#x1789;</subfield>
  </datafield>
  <datafield tag="260" ind1=" " ind2=" ">
    <subfield code="a">Phnom Penh</subfield>
    <subfield code="b">RUA</subfield>
    <subfield code="c">2009</subfield>
  </datafield>
  <datafield tag="300" ind1=" " ind2=" ">
    <subfield code="a">ix; 47p.</subfield>
    <subfield code="b">ill.</subfield>
    <subfield code="c">29cm.</subfield>
  </datafield>
  <datafield tag="856" ind1=" " ind2=" ">
    <subfield code="u">https://drive.google.com/file/d/1hX8CDiQdsXsdAg5HQAugk_YJHT6rHrqV/view?usp=sharing</subfield>
  </datafield>
  <datafield tag="942" ind1=" " ind2=" ">
    <subfield code="c">VTF`</subfield>
  </datafield>
  <datafield tag="999" ind1=" " ind2=" ">
    <subfield code="c">2804</subfield>
    <subfield code="d">2804</subfield>
  </datafield>
  <datafield tag="952" ind1=" " ind2=" ">
    <subfield code="0">0</subfield>
    <subfield code="1">0</subfield>
    <subfield code="2">ddc</subfield>
    <subfield code="4">0</subfield>
    <subfield code="6">VTF_SEA_2009_000000000000000_B113_OR_1</subfield>
    <subfield code="7">0</subfield>
    <subfield code="9">13471</subfield>
    <subfield code="a">LBB</subfield>
    <subfield code="b">LBB</subfield>
    <subfield code="c">B113</subfield>
    <subfield code="d">2015-10-27</subfield>
    <subfield code="o">VTF SEA 2009 B113 Or.1</subfield>
    <subfield code="p">RUA006036</subfield>
    <subfield code="r">2015-10-27</subfield>
    <subfield code="w">2015-10-27</subfield>
    <subfield code="y">VTF`</subfield>
  </datafield>
  <datafield tag="952" ind1=" " ind2=" ">
    <subfield code="0">0</subfield>
    <subfield code="1">0</subfield>
    <subfield code="2">ddc</subfield>
    <subfield code="4">0</subfield>
    <subfield code="6">VTF_SEA_2009_000000000000000_B113_OR_2</subfield>
    <subfield code="7">0</subfield>
    <subfield code="9">13472</subfield>
    <subfield code="a">LBB</subfield>
    <subfield code="b">LBB</subfield>
    <subfield code="c">B113</subfield>
    <subfield code="d">2015-10-27</subfield>
    <subfield code="o">VTF SEA 2009 B113 Or.2</subfield>
    <subfield code="p">RUA006318</subfield>
    <subfield code="r">2015-10-27</subfield>
    <subfield code="w">2015-10-27</subfield>
    <subfield code="y">VTF`</subfield>
  </datafield>
  <datafield tag="952" ind1=" " ind2=" ">
    <subfield code="0">0</subfield>
    <subfield code="1">0</subfield>
    <subfield code="2">ddc</subfield>
    <subfield code="4">0</subfield>
    <subfield code="6">VTF_SEA_2009_000000000000000_B113_OR_3</subfield>
    <subfield code="7">0</subfield>
    <subfield code="9">13473</subfield>
    <subfield code="a">LBB</subfield>
    <subfield code="b">LBB</subfield>
    <subfield code="c">B113</subfield>
    <subfield code="d">2015-10-27</subfield>
    <subfield code="o">VTF SEA 2009 B113 Or.3</subfield>
    <subfield code="p">RUA006462</subfield>
    <subfield code="r">2015-10-27</subfield>
    <subfield code="w">2015-10-27</subfield>
    <subfield code="y">VTF`</subfield>
  </datafield>
  <datafield tag="952" ind1=" " ind2=" ">
    <subfield code="0">0</subfield>
    <subfield code="1">0</subfield>
    <subfield code="2">ddc</subfield>
    <subfield code="4">0</subfield>
    <subfield code="6">VTF_SEA_2009_000000000000000_B113_OR_4</subfield>
    <subfield code="7">0</subfield>
    <subfield code="9">13474</subfield>
    <subfield code="a">LBB</subfield>
    <subfield code="b">LBB</subfield>
    <subfield code="c">B113</subfield>
    <subfield code="d">2015-10-27</subfield>
    <subfield code="o">VTF SEA 2009 B113 Or.4</subfield>
    <subfield code="p">RUA006246</subfield>
    <subfield code="r">2015-10-27</subfield>
    <subfield code="w">2015-10-27</subfield>
    <subfield code="y">VTF`</subfield>
  </datafield>
  <datafield tag="952" ind1=" " ind2=" ">
    <subfield code="0">0</subfield>
    <subfield code="1">0</subfield>
    <subfield code="2">ddc</subfield>
    <subfield code="4">0</subfield>
    <subfield code="6">VTF_SEA_2009_000000000000000_B113_OR_5</subfield>
    <subfield code="7">0</subfield>
    <subfield code="9">13475</subfield>
    <subfield code="a">LBB</subfield>
    <subfield code="b">LBB</subfield>
    <subfield code="c">B113</subfield>
    <subfield code="d">2015-10-27</subfield>
    <subfield code="o">VTF SEA 2009 B113 Or.5</subfield>
    <subfield code="p">RUA019803</subfield>
    <subfield code="r">2015-10-27</subfield>
    <subfield code="w">2015-10-27</subfield>
    <subfield code="y">VTF`</subfield>
  </datafield>
  <datafield tag="952" ind1=" " ind2=" ">
    <subfield code="0">0</subfield>
    <subfield code="1">0</subfield>
    <subfield code="2">ddc</subfield>
    <subfield code="4">0</subfield>
    <subfield code="6">VTF_SEA_2009_000000000000000_B113_OR_6</subfield>
    <subfield code="7">0</subfield>
    <subfield code="9">13476</subfield>
    <subfield code="a">LBB</subfield>
    <subfield code="b">LBB</subfield>
    <subfield code="c">B113</subfield>
    <subfield code="d">2015-10-27</subfield>
    <subfield code="o">VTF SEA 2009 B113 Or.6</subfield>
    <subfield code="p">RUA020053</subfield>
    <subfield code="r">2015-10-27</subfield>
    <subfield code="w">2015-10-27</subfield>
    <subfield code="y">VTF`</subfield>
  </datafield>
  <datafield tag="952" ind1=" " ind2=" ">
    <subfield code="0">0</subfield>
    <subfield code="1">0</subfield>
    <subfield code="2">ddc</subfield>
    <subfield code="4">0</subfield>
    <subfield code="6">VTF_SEA_2009_000000000000000_B113_OR_7</subfield>
    <subfield code="7">0</subfield>
    <subfield code="9">13477</subfield>
    <subfield code="a">LBB</subfield>
    <subfield code="b">LBB</subfield>
    <subfield code="c">B113</subfield>
    <subfield code="d">2015-10-27</subfield>
    <subfield code="o">VTF SEA 2009 B113 Or.7</subfield>
    <subfield code="p">RUA009013</subfield>
    <subfield code="r">2015-10-27</subfield>
    <subfield code="w">2015-10-27</subfield>
    <subfield code="y">VTF`</subfield>
  </datafield>
  <datafield tag="952" ind1=" " ind2=" ">
    <subfield code="0">0</subfield>
    <subfield code="1">0</subfield>
    <subfield code="2">ddc</subfield>
    <subfield code="4">0</subfield>
    <subfield code="6">VTF_SEA_2009_000000000000000_B113_OR_8</subfield>
    <subfield code="7">0</subfield>
    <subfield code="9">13478</subfield>
    <subfield code="a">LBB</subfield>
    <subfield code="b">LBB</subfield>
    <subfield code="c">B113</subfield>
    <subfield code="d">2015-10-27</subfield>
    <subfield code="o">VTF SEA 2009 B113 Or.8</subfield>
    <subfield code="p">RUA009498</subfield>
    <subfield code="r">2015-10-27</subfield>
    <subfield code="w">2015-10-27</subfield>
    <subfield code="y">VTF`</subfield>
  </datafield>
  <datafield tag="952" ind1=" " ind2=" ">
    <subfield code="0">0</subfield>
    <subfield code="1">0</subfield>
    <subfield code="2">ddc</subfield>
    <subfield code="4">0</subfield>
    <subfield code="6">VTF_SEA_2009_000000000000000_B113_OR_9</subfield>
    <subfield code="7">0</subfield>
    <subfield code="9">13479</subfield>
    <subfield code="a">LBB</subfield>
    <subfield code="b">LBB</subfield>
    <subfield code="c">B113</subfield>
    <subfield code="d">2015-10-27</subfield>
    <subfield code="o">VTF SEA 2009 B113 Or.9</subfield>
    <subfield code="p">RUA025158</subfield>
    <subfield code="r">2015-10-27</subfield>
    <subfield code="w">2015-10-27</subfield>
    <subfield code="y">VTF`</subfield>
  </datafield>
  <datafield tag="952" ind1=" " ind2=" ">
    <subfield code="0">0</subfield>
    <subfield code="1">0</subfield>
    <subfield code="2">ddc</subfield>
    <subfield code="4">0</subfield>
    <subfield code="6">VTF_SEA_2009_000000000000000_B113_OR_10</subfield>
    <subfield code="7">0</subfield>
    <subfield code="9">13818</subfield>
    <subfield code="a">LBB</subfield>
    <subfield code="b">LBB</subfield>
    <subfield code="c">B113</subfield>
    <subfield code="d">2015-10-28</subfield>
    <subfield code="o">VTF SEA 2009 B113 Or.10</subfield>
    <subfield code="p">RUA006490</subfield>
    <subfield code="r">2015-10-28</subfield>
    <subfield code="w">2015-10-28</subfield>
    <subfield code="y">VTF`</subfield>
  </datafield>
</record>
